000 00368nam a2200145Ia 4500
005 20251222152021.0
008 251222s9999||||xx |||||||||||||| ||spa||
020 _a8471145685
082 _a571/A33/T.IV
100 _aAhuma, Angel José
245 0 _aGenética, Patología, Higiene y Residuos Animales
250 _a1ra.ed.
264 _bMundi Prensa
942 _cLIB
999 _c25291
_d25291